000 00584nam a22001817a 4500
999 _c191230
_d191230
005 20220823150352.0
010 _aENG-134552
020 _a9789393737199
_c499.00
035 _aEN-118084
037 _bDBAD/PUB
082 _a305.4
100 _aKarthick, Sheela P.
245 _aSisters Under The Skin;
_bMargaret Laurence and Vaasanthi/
_cSheela P. Karthick
260 _aTamilnadu
_bSHANLAX PUBLICATIONS
_c2022
270 _a61,66 T.P.K. Main Road, Vasantha Nagar
_bMadurai
_e625003
300 _a211p.
_bBibliography
_c22cm(pbk)
942 _2ddc
_cEN
_h305.4
_mKAR